000 00469nam a2200193Ia 4500
005 20250423095835.0
008 250422s9999 xx 000 0 und d
020 _a0716704676
050 _aQA 273 .A43/
100 _aAlder, Henry L.
245 0 _aIntroduction to Probability and Statistics
250 _a6th ed.
260 _aSan Francisco
260 _bW.H. Freeman and Company
260 _c1977
300 _a426 p
650 _aProbability
942 _cBK
999 _c31495
_d31495